000 00802nam a2200277Ia 4500
003 BUBTL
008 151213s9999 xx 000 0 und d
020 _a9788130912950
041 _aeng
082 _a822.33/ Sh152m/ 2010
_b
100 _aShakespeare
_91990
245 _a The Merchant of Venice /
_cShakespeare
250 _a1st ed.
260 _aNew Delhi :
_bViva Books,
_cc2010
300 _axiv, 261 p. :
_c23 cm
440 _95485
_aHarold Bloom's Shakespeare Through the Ages
500 _aIncludes Index
505 _a The Merchant of Venice, Shakespeare, English Literature, English
526 _aEnglish
650 _aEnglish Literature
650 _a
700 _95486
_aHeims, Neil
856 _k0
_l0
_yDownload
942 _2ddc
_cBK
999 _c7101
_d7101